K.P. Chakravarti's domestic enquiry & punishment / (Record no. 47443)
[ view plain ]
| 000 -LEADER | |
|---|---|
| fixed length control field | 02330nam a2200397 a 4500 |
| 005 - DATE AND TIME OF LATEST TRANSACTION | |
| control field | 19990702102512.6 |
| 008 - FIXED-LENGTH DATA ELEMENTS--GENERAL INFORMATION | |
| fixed length control field | 990304s1998 ii b 001 0 eng |
| 010 ## - LCCN (DPL NO) | |
| LC control number | ENG-101507 B-437553-557 |
| 020 ## - INTERNATIONAL STANDARD BOOK NUMBER | |
| International Standard Book Number | 9788171770047 |
| Terms of availability | 750.00 |
| 035 ## - SYSTEM CONTROL NUMBER | |
| System control number | EN-85040 B-437553-557 |
| 037 ## - SOURCE OF ACQUISITION | |
| Source of stock number/acquisition | DBAD/PUB |
| 037 ## - SOURCE OF ACQUISITION | |
| Source of stock number/acquisition | Allied Pub/Ven |
| 040 ## - CATALOGING SOURCE | |
| Original cataloging agency | dpl |
| Language of cataloging | Eng |
| 082 00 - DEWEY DECIMAL CLASSIFICATION NUMBER | |
| Classification number | 344.54012598 |
| 100 1# - MAIN ENTRY--PERSONAL NAME | |
| Personal name | De,Ranadhir Kumar |
| 9 (RLIN) | 21112 |
| 245 10 - TITLE STATEMENT | |
| Title | K.P. Chakravarti's domestic enquiry & punishment / |
| 246 18 - VARYING FORM OF TITLE | |
| Title proper/short title | Chakravarti's domestic enquiry & punishment |
| 246 30 - VARYING FORM OF TITLE | |
| Title proper/short title | Domestic enquiry & punishment |
| 246 30 - VARYING FORM OF TITLE | |
| Title proper/short title | Domestic enquiry and punishment |
| 250 ## - EDITION STATEMENT | |
| Edition statement | 4th ed |
| Remainder of edition statement | by Ranadhir Kumar De |
| 260 ## - PUBLICATION, DISTRIBUTION, ETC. (IMPRINT) | |
| Place of publication, distribution, etc | kolkata |
| Name of publisher, distributor, etc | Eastern Law House |
| Date of publication, distribution, etc | 2010 |
| 270 ## - ADDRESS | |
| Address | 54 Ganesh Chunder Avenue |
| City | kolkata |
| Postal code | 700013 |
| 300 ## - PHYSICAL DESCRIPTION | |
| Extent | 84,671p. |
| Dimensions | 23cm (Hb) |
| 500 ## - GENERAL NOTE | |
| General note | Includes index. |
| 650 #0 - SUBJECT ADDED ENTRY--TOPICAL TERM | |
| Topical term or geographic name as entry element | Labor discipline |
| General subdivision | Law and legislation |
| Geographic subdivision | India. |
| 9 (RLIN) | 21113 |
| 700 1# - ADDED ENTRY--PERSONAL NAME | |
| Personal name | Chakravarti, Kali Pada, |
| Title of a work | Domestic enquiry and punishment. |
| 9 (RLIN) | 21114 |
| 942 ## - ADDED ENTRY ELEMENTS (KOHA) | |
| Source of classification or shelving scheme | Dewey Decimal Classification |
| Item type | English Books |
| Classification part | 344.54012598 |
| Call number suffix | DER |
| Withdrawn status | Lost status | Source of classification or shelving scheme | Damaged status | Not for loan | Collection code | Home library | Current library | Date acquired | Source of acquisition | Cost, normal purchase price | Total Checkouts | Full call number | Barcode | Date last seen | Copy number | Cost, replacement price | Koha item type | Total Renewals |
|---|---|---|---|---|---|---|---|---|---|---|---|---|---|---|---|---|---|---|
| Dewey Decimal Classification | Non-fiction | Central Library | Central Library | 23/06/2011 | Allied /3019/31.3.11/75/4.3.11/31.3.11 | 750.00 | 2 | 344.54012598 DER | B-437553 | 30/11/2022 | 1 | 750.00 | English Books | 1 | ||||
| Dewey Decimal Classification | Not For Loan | Reference | Central Library | Central Library | 23/06/2011 | Allied /3019/31.3.11/75/4.3.11/31.3.11 | 750.00 | 344.54012598 DER | B-437554 | 23/06/2011 | 1 | 750.00 | English Books | |||||
| Dewey Decimal Classification | Not For Loan | Non-fiction | D.B.Act.Division | D.B.Act.Division | 22/09/2010 | DBAD/PUB | 750.00 | 344.54012598 DER | EN-85040 | 22/09/2010 | 1 | 750.00 | English Books | |||||
| Dewey Decimal Classification | Non-fiction | Patel Nagar | Patel Nagar | 23/06/2011 | Allied /3019/31.3.11/75/4.3.11/31.3.11 | 750.00 | 1 | 344.54012598 DER | B-437555 | 07/05/2022 | 1 | 750.00 | English Books | 1 | ||||
| Dewey Decimal Classification | Non-fiction | Sarojini Nagar | Sarojini Nagar | 23/06/2011 | Allied /3019/31.3.11/75/4.3.11/31.3.11 | 750.00 | 5 | 344.54012598 DER | B-437556 | 21/04/2019 | 1 | 750.00 | English Books | 6 | ||||
| Dewey Decimal Classification | Non-fiction | Shahdara Branch | Shahdara Branch | 23/06/2011 | Allied /3019/31.3.11/75/4.3.11/31.3.11 | 750.00 | 3 | 344.54012598 DER | B-437557 | 09/08/2019 | 1 | 750.00 | English Books |
